[Event "CZE-ch U12"]
[Site "Luhacovice"]
[Date "2022.03.13"]
[Round "2"]
[White "Jansky, Adam"]
[Black "Pasek, Josef"]
[Result "0-1"]
[WhiteElo "1233"]
[BlackElo "1351"]
[PlyCount "78"]
[EventDate "2022.03.12"]
[EventType "swiss"]
[EventRounds "9"]
[EventCountry "CZE"]
[SourceTitle "EXT 2023"]
[Source "ChessBase"]
[SourceDate "2022.10.05"]
[SourceVersion "1"]
[SourceVersionDate "2022.10.05"]
[SourceQuality "1"]

1. e4 c5 2. Nf3 e6 3. d4 cxd4 4. Nxd4 Nc6 5. Nc3 Bb4 6. Nxc6 bxc6 7. Qd4 Bf8 8. Be2 d5 9. 0-0 Nf6 10. Bg5 Be7 11. e5 Nd7 12. Bd2 Qc7 13. Bf4 c5 14. Qd3 a6 15. Qg3 0-0 16. Rae1 Re8 17. Bf3 Nf8 18. Nxd5 exd5 19. Bxd5 Be6 20. Bxa8 Rxa8 21. Qf3 Rb8 22. b3 c4 23. Qe2 Ng6 24. Bg3 Qa5 25. Ra1 h6 26. f4 Bc5+ 27. Kh1 Ne7 28. Qe1 Bb4 29. Qc1 Bd2 30. Be1 c3 31. Qd1 Rd8 32. a3 Qb5 33. Bxd2 Rxd2 34. Qe1 Nf5 35. Rf2 Qd5 36. Rxd2 cxd2 37. Qe2 Ne3 38. Rd1 Nxd1 39. Qxd1 Bg4 0-1